10 największych miast w Polsce - Statystyki

Ogólne statystyki
  • Ten quiz został rozwiązany 1 318 razy
    1 004 od ostatniego zresetowania
  • Średni wynik to 9 z 10
Statystyki odpowiedzi
Lp Miasto Liczba ludności % Poprawnych
1. Warszawa 1861000
100%
2. Kraków 803000
99%
6. Gdańsk 486000
97%
3. Wrocław 674000
96%
5. Poznań 541000
94%
4. Łódż 658000
92%
7. Szczecin 391000
90%
8. Lublin 331000
84%
9. Bydgoszcz 330000
83%
10. Białystok 292000
82%
Nie znaleziono quizów pasujących do podanych kryteriów
Rozkład punktacji
Procent ludzi z każdym wynikiem
Percentyl według liczby udzielonych odpowiedzi
Twoja historia wyników
Nie rozwiązałeś tego quizu od ostatniego zresetowania